| 000 | 00783nam a22002297a 4500 | ||
|---|---|---|---|
| 003 | OSt | ||
| 005 | 20251126082809.0 | ||
| 008 | 251126b |||||||| |||| 00| 0 eng d | ||
| 020 | _a 13 : 978-1-428-31776-5. | ||
| 040 |
_aDWCL-Admin lib _cOC |
||
| 082 | _aCirc. 618.20231 W585f 2011 | ||
| 100 | _aWhite, Lois | ||
| 245 |
_a Foundations od maternal & pediatric nursing / _cLois White |
||
| 260 |
_a Cliffon Park, N.Y. : _bDelmar Cengage Learning, _cc2011 |
||
| 300 |
_a xxxiii ( various paging ) : _bill. ; _c28 cm. + 1 CD-ROM |
||
| 504 | _aIncludes index. | ||
| 650 | _a1. Maternity nursing-Handbooks, Manuals, etc. | ||
| 650 | _a2. Pediatric nursing-Handbooks, manuals etc. | ||
| 700 | _aDuncan, Gena | ||
| 700 | _aBaumte, Wendy | ||
| 942 |
_2ddc _cBK-CIRC _e3rd. ed. _kCirc. _n0 |
||
| 999 |
_c6338 _d6338 |
||